| 000 | 00547nam a2200193 a 4500 | ||
|---|---|---|---|
| 001 | 1772883571524 | ||
| 003 | YourLibrary | ||
| 005 | 20260307171107.0 | ||
| 008 | 260307s1993##################000#0#eng## | ||
| 020 | _a9788171880169 | ||
| 082 | 0 | 4 |
_a324.254075 _bEAS |
| 100 | 1 |
_aEashvaraiah, P., _eauthor. |
|
| 245 | 1 | 0 | _aThe Communist Parties in Power and Agrarian Reforms in India : |
| 260 |
_bAcademic Foundation, _c1993. |
||
| 300 | _a252 pages | ||
| 650 | 0 | _aCommunist parties. | |
| 942 | _cENGLISH | ||
| 040 |
_aYourLibrary _beng _cYourLibrary |
||
| 999 |
_c617194 _d617194 |
||